LEADER 00934nam0-2200325---450 001 990010105940403321 005 20241203153407.0 035 $a001010594 035 $aFED01001010594 035 $a(Aleph)001010594FED01 100 $a20160930d1959----km-y0itay50------ba 101 0 $aeng 102 $aUS 105 $aa-------001yy 200 1 $aResearches in geochemistry$fedited by Philip H. Abelson 210 $aNew York$cJohn Wiley & sons$aLondon$cChapman & Hall$dc1959 215 $aX, 511 p., [1] c.di tav. rip.$cill.$d24 cm 610 0 $aGeochimica 676 $a550.1$v23$zita 702 1$aAbelson,$bPhilip H. 801 0$aIT$bUNINA$gRICA$2UNIMARC 901 $aBK 912 $a990010105940403321 952 $aMA 7/8$b4016$fDINGE 952 $aMA 8/33$b4003$fDINGE 952 $aA CHI 157$b15269/2024$fFAGBC 959 $aDINGE 959 $aFAGBC 996 $aResearches in geochemistry$91495620 997 $aUNINA